កំរងរឿងនិទានអប់រំ​ ១​ / (Record no. 8822)

MARC details
000 -LEADER
fixed length control field 01285nam a22002897a 4500
001 - CONTROL NUMBER
control field 8822
003 - CONTROL NUMBER IDENTIFIER
control field FISKH
005 - DATE AND TIME OF LATEST TRANSACTION
control field 20251212103303.0
008 - FIXED-LENGTH DATA ELEMENTS--GENERAL INFORMATION
fixed length control field 251022b cb ||||| |||| 00| 0 eng d
020 ## - INTERNATIONAL STANDARD BOOK NUMBER
International Standard Book Number 9789995000912
040 ## - CATALOGING SOURCE
Original cataloging agency FISKH
Language of cataloging khr
Transcribing agency FISKH
Modifying agency FISKH
050 ## - LIBRARY OF CONGRESS CALL NUMBER
Classification number PZ7
082 ## - DEWEY DECIMAL CLASSIFICATION NUMBER
Classification number 895
100 ## - MAIN ENTRY--PERSONAL NAME
Personal name Bopha, Om
245 ## - TITLE STATEMENT
Title កំរងរឿងនិទានអប់រំ​ ១​ /
Statement of responsibility, etc. រៀបរៀងដោយ លោក អ៊ុំ បុប្ផា និង លោក សេង តុង​បុត្តា​
260 ## - PUBLICATION, DISTRIBUTION, ETC.
Place of publication, distribution, etc. ភ្នំពេញ :
Name of publisher, distributor, etc. គ្រឹះស្ថានបោះពុម្ពនិងចែកផ្សាយ ,​
Date of publication, distribution, etc. ២០០៩​ .
300 ## - PHYSICAL DESCRIPTION
Extent 16 pages :
Other physical details color illustrations ;
Dimensions 18 * 18 cm .
505 ## - FORMATTED CONTENTS NOTE
Formatted contents note P <br/>
520 ## - SUMMARY, ETC.
Summary, etc. រឿងសត្វក្អែគ​១១០០ , សេដ្ឋី​និងផ្លែដូង , គ្រូទាយនិងមេទ័ព , ស្រ្តីនិងសត្វស្ការ ។​
521 8# - TARGET AUDIENCE NOTE
Target audience note 650 <br/>
Source Lexile estimate <br/>
521 8# - TARGET AUDIENCE NOTE
Target audience note P <br/>
Source Raz-Plus <br/>
650 ## - SUBJECT ADDED ENTRY--TOPICAL TERM
Topical term or geographic name entry element កំរងរឿងនិទានអប់រំ​៤
700 ## - ADDED ENTRY--PERSONAL NAME
Personal name Satya, Eam
Relator term Illustrator
700 ## - ADDED ENTRY--PERSONAL NAME
Personal name Cheat, Ton
Relator term Illustrator
942 ## - ADDED ENTRY ELEMENTS (KOHA)
Source of classification or shelving scheme Dewey Decimal Classification
Koha item type Khmer Books
Suppress in OPAC No
Holdings
Withdrawn status Lost status Source of classification or shelving scheme Damaged status Not for loan Collection Home library Current library Shelving location Date acquired Total Checkouts Full call number Barcode Date last seen Date last checked out Copy number Price effective from Koha item type
    Dewey Decimal Classification     Khmer Language Books / សៀវភៅភាសាខ្មែរ Footprints International School Library Network Toul Tom Poung Campus Footprints International School Library Network Toul Tom Poung Campus TTP Primary Khmer Bookshelves 10/22/2025 1 BOP PZ7 895 FIS05014 02/02/2026 01/05/2026 1 10/22/2025 Khmer Books
    Dewey Decimal Classification     Khmer Language Books / សៀវភៅភាសាខ្មែរ Footprints International School Library Network Toul Tom Poung Campus Footprints International School Library Network Toul Tom Poung Campus TTP Primary Khmer Bookshelves 12/12/2025   BOP PZ7 895 FIS02212 12/12/2025   2 12/12/2025 Khmer Books
    Dewey Decimal Classification     Khmer Language Books / សៀវភៅភាសាខ្មែរ Footprints International School Library Network Toul Tom Poung Campus Footprints International School Library Network Toul Tom Poung Campus TTP Primary Khmer Bookshelves 12/12/2025   BOP PZ7 895 2025-5120 12/12/2025   3 12/12/2025 Khmer Books